000
00189 a2200109 4500
020
_a
639277821218
041
_a
eng
100
_a
Anonimo
245
_a
Phonics
942
_c
BK
952
_7
1
999
_c
23072
_d
23072